Study guide and student’s ssolutions manual for organic chemistry / (Record no. 21117)

MARC details
000 -LEADER
fixed length control field 00871nam a2200277 i 4500
003 - CONTROL NUMBER IDENTIFIER
control field EG-ScBUE
005 - DATE AND TIME OF LATEST TRANSACTION
control field 20260105102430.0
008 - FIXED-LENGTH DATA ELEMENTS--GENERAL INFORMATION
fixed length control field 151216t2014 enka g 000 0 eng d
020 ## - INTERNATIONAL STANDARD BOOK NUMBER
International Standard Book Number 9781292041575
040 ## - CATALOGING SOURCE
Original cataloging agency EG-ScBUE
Language of cataloging eng
Description conventions rda
Transcribing agency EG-ScBUE
Modifying agency EG-ScBUE
082 04 - DEWEY DECIMAL CLASSIFICATION NUMBER
Edition number 22
Classification number 547.0076
Item number BRU
100 1# - MAIN ENTRY--PERSONAL NAME
Personal name Bruice, Paula Y.,
Relator term author.
245 10 - TITLE STATEMENT
Title Study guide and student’s ssolutions manual for organic chemistry /
Statement of responsibility, etc Paula Y. Bruice.
250 ## - EDITION STATEMENT
Edition statement Seventh edition.
264 #1 - PUBLICATION, DISTRIBUTION, ETC. (IMPRINT)
Place of publication, distribution, etc Harlow, England :
Name of publisher, distributor, etc Pearson Education Limited,
Date of publication, distribution, etc [2014]
264 #4 - PUBLICATION, DISTRIBUTION, ETC. (IMPRINT)
Date of publication, distribution, etc c2014
300 ## - PHYSICAL DESCRIPTION
Extent iv, 892 pages :
Other physical details illustrations ;
Dimensions 28 cm
336 ## - CONTENT TYPE
Source rdacontent
Content type term text
Content type code txt
337 ## - MEDIA TYPE
Source rdamedia
Media type term unmediated
Media type code n
338 ## - CARRIER TYPE
Source rdacarrier
Carrier type term volume
Carrier type code nc
650 #7 - SUBJECT ADDED ENTRY--TOPICAL TERM
Source of heading or term BUEsh
Topical term or geographic name as entry element Chemistry, Organic.
651 ## - SUBJECT ADDED ENTRY--GEOGRAPHIC NAME
Source of heading or term BUEsh
653 ## - INDEX TERM--UNCONTROLLED
Arrived date list December2015
655 ## - INDEX TERM--GENRE/FORM
Form subdivision Reading book
942 ## - ADDED ENTRY ELEMENTS (KOHA)
Source of classification or shelving scheme Dewey Decimal Classification
Koha item type Book - Borrowing
Holdings
Withdrawn status Lost status Source of classification or shelving scheme Damaged status Not for loan Collection code Home library Current library Shelving location Date acquired Source of acquisition Total Checkouts Full call number Barcode Date last seen Price effective from Koha item type
    Dewey Decimal Classification     Baccah Central Library Central Library First floor 16/12/2015 Purchase   547.0076 BRU 000031516 15/07/2025 16/12/2015 Book - Borrowing
    Dewey Decimal Classification     Baccah Central Library Central Library First floor 16/12/2015 Purchase   547.0076 BRU 000031518 15/07/2025 16/12/2015 Book - Borrowing